000 00834nam a2200277 a 4500
008
020 _a0415171873 (pbk.)
049 _aMAIN
050 0 0 _aBF175.4
_fSTA
100 1 _aStavrakakis, Yannis.
245 1 0 _aLacan and the political /
_cYannis Stavrakakis.
260 _aLondon :
_bRoutledge,
_c1999
300 _ax, 188 p. ;
_c24 cm.
440 0 _aThinking the political.
504 _aIncludes bibliographical references: p. 164-175.
500 _aIncludes index.
650 0 _aPsychoanalysis
_xPolitical aspects.
650 0 _aPsychoanalysis
_xSocial aspects.
600 1 0 _aLacan, Jacques,
_d1901-
650 4 _aPsychoanalysis
_xPolitical aspects.
907 _a.b10143476
_b19-12-06
_c14-12-04
003
005 20230123133859.0
040 _cNUST
942 _cBOOKS
999 _c156211
_d156211